SO THE WORLD WAGS. (Record no. 1279388)

MARC details
000 -LEADER
fixed length control field 00439nam a2200181Ia 4500
008 - FIXED-LENGTH DATA ELEMENTS--GENERAL INFORMATION
fixed length control field 151202s9999||||xx |||||||||||||| ||und||
082 ## - DEWEY DECIMAL CLASSIFICATION NUMBER
Item number PNVM-13401
100 ## - MAIN ENTRY--PERSONAL NAME
Personal name HOWARD KEBLE.
245 ## - TITLE STATEMENT
Title SO THE WORLD WAGS.
260 ## - PUBLICATION, DISTRIBUTION, ETC. (IMPRINT)
Name of publisher, distributor, etc G. BELL & SONS LONDON.
260 ## - PUBLICATION, DISTRIBUTION, ETC. (IMPRINT)
Date of publication, distribution, etc 1914
300 ## - PHYSICAL DESCRIPTION
Extent 286
600 ## - SUBJECT ADDED ENTRY--PERSONAL NAME
Personal name HOWARD KEBLE.
630 ## - SUBJECT ADDED ENTRY--UNIFORM TITLE
Uniform title SO THE WORLD WAGS.
700 ## - ADDED ENTRY--PERSONAL NAME
Personal name HOWARD KEBLE.
730 ## - ADDED ENTRY--UNIFORM TITLE
Uniform title SO THE WORLD WAGS.
942 ## - ADDED ENTRY ELEMENTS (KOHA)
Koha item type Book
Holdings
Withdrawn status Lost status Damaged status Not for loan Home library Current library Date acquired Cost, normal purchase price Total Checkouts Full call number Barcode Date last seen Cost, replacement price Price effective from Koha item type
        Pune Nagar Vachan Mandir, Pune Pune Nagar Vachan Mandir, Pune 07/09/2015 0.00   PNVM-13401 PNVM-13401 12/02/2015 0.00 12/02/2015 Book